Os 15 principais países com mortes por Covid19 - 22 de maio - Statistics

Estatísticas Gerais
  • Esse quiz foi jogado 7 vezes
  • A pontuação média é 15 de 21
Estatísticas das Respostas
país % Correto
Brasil
100%
Canadá
100%
China
100%
Estados Unidos
100%
México
100%
Portugal
100%
Alemanha
86%
Espanha
86%
França
86%
Itália
86%
Reino Unido
86%
Bélgica
71%
Países Baixos
71%
Peru
71%
Suíça
71%
Irão
57%
Suécia
57%
Suécia
57%
Irlanda
43%
Turquia
14%
Equador
0%
Nenhum quiz correspondente encontrado
Distribuição das Pontuações
Porcentagem de Pessoas com Cada Pontuação
Percentil de Números Respondidos
Sua Pontuação Histórica
Você não jogou esse quiz